Ligue 1 - Les Meilleurs Joueurs par Saison - Statistiques

Statistiques générales
  • Ce quiz a été pris 808 fois
    275 depuis la dernière actualisation
  • Le résultat moyen est 22 sur 31
Statistiques - réponses
Année Club Nationalité Joueur % Correct
2024 Paris Saint-Germain France Kylian Mbappé
100%
2023 Paris Saint-Germain France Kylian Mbappé
100%
2022 Paris Saint-Germain France Kylian Mbappé
100%
2021 Paris Saint-Germain France Kylian Mbappé
100%
2019 Paris Saint-Germain France Kylian Mbappé
100%
2025 Paris Saint-Germain France Ousmane Dembélé
99%
2017 Paris Saint-Germain Uruguay Edinson Cavani
98%
2018 Paris Saint-Germain Brésil Neymar Junior
98%
2016 Paris Saint-Germain Suède Zlatan Ibrahimovic
98%
2014 Paris Saint-Germain Suède Zlatan Ibrahimovic
98%
2013 Paris Saint-Germain Suède Zlatan Ibrahimovic
98%
2012 LOSC Lille Belgique Eden Hazard
93%
2011 LOSC Lille Belgique Eden Hazard
93%
2015 Olympique Lyonnais France Alexandre Lacazette
92%
2006 Olympique Lyonnais Brésil Juninho
81%
2003 Paris Saint-Germain Portugal Pauleta
77%
2002 Paris Saint-Germain Portugal Pauleta
77%
2004 Olympique de Marseille Côte d'Ivoire Didier Drogba
76%
2008 Olympique Lyonnais France Karim Benzema
76%
2009 Girondins de Bordeaux France Yoann Gourcuff
72%
2010 Olympique Lyonnais Argentine Lisandro Lopez
61%
2005 Olympique Lyonnais Ghana Michael Essien
60%
1996 Girondins de Bordeaux France Zinédine Zidane
48%
1994 Paris Saint-Germain France David Ginola
34%
2007 Olympique Lyonnais France Florent Malouda
33%
1997 AS Monaco Brésil Sonny Anderson
30%
1998 Paris Saint-Germain Italie Marco Simone
21%
2001 FC Nantes France Éric Carrière
19%
2000 AS Monaco Argentine Marcelo Gallardo
14%
1999 Girondins de Bordeaux Algérie Ali Benarbia
11%
1995 Paris Saint-Germain France Vincent Guérin
11%
Aucun quiz correspondant
Distribution des résultats
% des personnes avec chaque résultat
Percentile par nombre de réponses
Votre historique - résultats
Vous n’avez pas pris ce quiz depuis la dernière actualisation